BSOP header

Pinoy : (Record no. 49321)

MARC details
000 -LEADER
fixed length control field 00878nam a2200289 a 4500
001 - CONTROL NUMBER
control field 40947427
005 - DATE AND TIME OF LATEST TRANSACTION
control field 20200211115159.0
008 - FIXED-LENGTH DATA ELEMENTS--GENERAL INFORMATION
fixed length control field 980204s1997 ph b 000 0 eng d
009 - PHYSICAL DESCRIPTION FIXED-FIELD FOR ARCHIVAL COLLECTION (VM) [OBSOLETE]
fixed length control field Reclvl: f Addate: 980204 Addid: INN Moddate: 080602 Modid: XRF
020 ## - INTERNATIONAL STANDARD BOOK NUMBER
International Standard Book Number 9715101119
035 ## - SYSTEM CONTROL NUMBER
System control number CUBG99-B108
035 ## - SYSTEM CONTROL NUMBER
System control number GLADN151492063
040 ## - CATALOGING SOURCE
Original cataloging agency MiU
Transcribing agency MiU
100 1# - MAIN ENTRY--PERSONAL NAME
Personal name Maribao, Joel L.
245 10 - TITLE STATEMENT
Title Pinoy :
Remainder of title religious leader /
Statement of responsibility, etc Joel L. Maribao.
260 ## - PUBLICATION, DISTRIBUTION, ETC. (IMPRINT)
Place of publication, distribution, etc [Manila] :
Name of publisher, distributor, etc Logos,
Date of publication, distribution, etc 1997.
300 ## - PHYSICAL DESCRIPTION
Extent 167 p. ;
Dimensions 23 cm.
336 ## - CONTENT TYPE
Content Type Term text
337 ## - MEDIA TYPE
Media Type Term unmediated
338 ## - CARRIER TYPE
Carrier Type Term volume
490 0# - SERIES STATEMENT
Series statement Learning by design ;
Volume number/sequential designation no. 5.
504 ## - BIBLIOGRAPHY, ETC. NOTE
Bibliography, etc Includes bibliographical references (p. [164]-167).
650 #0 - SUBJECT ADDED ENTRY--TOPICAL TERM
Topical term or geographic name as entry element Leadership
General subdivision Religious aspects
-- Christianity.
650 #0 - SUBJECT ADDED ENTRY--TOPICAL TERM
Topical term or geographic name as entry element Christian leadership.
650 #0 - SUBJECT ADDED ENTRY--TOPICAL TERM
Topical term or geographic name as entry element Church and social problems
Geographic subdivision Philippines.
942 ## - ADDED ENTRY ELEMENTS (KOHA)
Source of classification or shelving scheme Library of Congress Classification
Item type Books
Holdings
Withdrawn status Lost status Source of classification or shelving scheme Damaged status Not for loan Home library Current library Shelving location Date acquired Inventory number Total Checkouts Full call number Barcode Date last seen Price effective from Koha item type
    Library of Congress Classification     BSOP Library BSOP Library Filipiniana 02/11/2020 21530   BV652.1 M34 00016748 02/11/2020 02/11/2020 Books
BSOP

Biblical Seminary of the Philippines
  All rights Reserved
  © 2024

CONTACT INFORMATION

Biblical Seminary of the Philippines,
  77-B Karuhatan Road, Valenzuela City,
  PHILIPPINES 1441
  Phone: +632 8292-6795 / 8292-6798
  Fax : +632 8292-6675
  Email: library@bsop.edu.ph